| 000 | 00955nam a22002051 4500 | ||
|---|---|---|---|
| 003 | BD-RjUL | ||
| 005 | 20240118105759.0 | ||
| 008 | 780509s1911 nyuf 001 1 engs | ||
| 035 | _a(BD-RjUL) | ||
| 040 |
_cBD-RjUL _dBD-RjUL |
||
| 041 | _aeng | ||
| 082 |
_a823 _bDOL 1911 |
||
| 100 | 1 |
_aDoyle, Arthur Conan, _d1859-1930. _910926 |
|
| 245 | 1 | 4 |
_aThe last galley; _bimpressions and tales, _cby Arthur Conan Doyle. |
| 260 |
_aLondon: _bG. Bell & Sons Ltd, _c1911. |
||
| 300 |
_a298 p. _bcol. front., pl. _c20 cm. |
||
| 505 | 0 | _aThe last galley.--The contest.--Through the veil.--An iconoclast.--Giant Maximin.--The coming of the Huns.--The last of the legions.--The first cargo--The home-coming.--The red star.--The silver mirror.--The blighting of Sharkey.--The marriage of the brigadier.--The lord of Falconbridge.--Out of the running.--"De profundis".--The great Brown-Pericord motor.--The terror of Blue John Gap. | |
| 942 |
_2ddc _cBK |
||
| 999 |
_c82671 _d82671 |
||